000 01395nam a2200313 i 4500
003 DO-SdBNP
005 20250730113837.0
007 ta
008 250725b2013 dr ao||| |||| 00| 0 spa d
020 _a9789945475722
040 _aDO-SdBNP
_bspa
_cBNPHU
_erda
041 _aspa
082 4 _axxx
_bC843ó
_222
100 _aCotes Guzmán, Miguel Antonio,
_d1950-
_eautor
_4aut.
_932491
245 1 0 _aOrigen y evolución del béisbol /
_cMiguel Cotes ; director, León Félix Batista ; edición, Amado Santana ; revisor, Alfonzo Trinidad...[y otros 7].
264 4 _aSanto Domingo, República Dominicana :
_bEdiciones Rumbo Este,
_c©2013.
300 _a164 páginas ;
_c23 cm.
336 _atexto
_btxt
_2rdacontent
337 _asin mediación
_bn
_2rdamedia
338 _avolumen
_bnc
_2rdacarrier
500 _aIncluye datos biográficos del autor en las solapas.
505 _aAgradecimientos, 13 -- Preludio. Historia y evolución, 15 -- El beisbol. Presentación, 19 --Historia del beisbol (Origen y Evolución), 25 -- Origen, 29 -- La liga nacional, 37 -- Las grandes ligas, 61 -- Casos y cosas, 119 -- Frases célebres del béisbol, 151
590 _aInventariado, 2025 /LP
700 1 _aBatista, León Félix,
_edirector
_4di.
_985110
700 1 _aSantana, Amado,
_eeditor
_4ed.
_97207
700 1 _aTrinidad, Alfonzo,
_erevisor
_4re.
_988452
910 _aLP
942 _2ddc
_cLBS1
999 _c59640
_d59640